Śródmieście (Olsztyn) - Ulice - Statystyki

Ogólne statystyki
  • Ten quiz został rozwiązany 5 razy
    3 od ostatniego zresetowania
  • Średni wynik to 22 z 44
Statystyki odpowiedzi
Litera Ulica % Poprawnych
11 11 Listopada
100%
1 1 Maja
100%
22 22 Stycznia
100%
J Jedności Słowiańskiej
100%
K Kołłątaja
100%
K Kopernika
100%
M Mickiewicza
100%
P Partyzantów
100%
P Pieniężnego
100%
P Podwale
100%
S Staromiejska
100%
Z Zamkowa
100%
C Curie-Skłodowskiej
50%
D Dąbroszczaków
50%
J Jana Pawła II
50%
J Jana z Łajs
50%
K Konsulatu Polskiego
50%
L Lanca
50%
L Linki
50%
L Liszewskiego
50%
M Mieszka I
50%
M Mrongowiusza
50%
N Nowowiejskiego
50%
P Piłsudskiego
50%
P Prosta
50%
R Ratuszowa
50%
S Stare Miasto
50%
S Staszica
50%
Ś Świętego Wojciecha
50%
Ś Świętej Barbary
50%
W Warmińska
50%
W Wyzwolenia
50%
A Asnyka
0%
C Chrobrego
0%
D Długosza
0%
G Gazety Olsztyńskiej
0%
L Lelewela
0%
M Małłków
0%
O Okopowa
0%
P Piastowska
0%
R Rodziewiczówny
0%
S Sarnowskiego
0%
T Targ Rybny
0%
W Włodarczyka
0%
Nie znaleziono quizów pasujących do podanych kryteriów
Rozkład punktacji
Procent ludzi z każdym wynikiem
Percentyl według liczby udzielonych odpowiedzi
Twoja historia wyników
Nie rozwiązałeś tego quizu od ostatniego zresetowania